| 000 | 00476nam a2200193Ia 4500 | ||
|---|---|---|---|
| 005 | 20230614104124.0 | ||
| 008 | 131103s9999 xx 000 0 und d | ||
| 020 | _aSBN:34004361 X | ||
| 040 | _aLoreto College | ||
| 041 | _aEnglish | ||
| 082 |
_aF _bDEL |
||
| 100 | _aDelderfield,R.P. | ||
| 245 |
_aPost of Honour _cDelderfield R.F. |
||
| 260 |
_aLondon _bHodder Paperbacks _c1966 |
||
| 300 | _a575 p. | ||
| 650 | _aFiction in English | ||
| 850 | _aLCLIB | ||
| 942 | _cBK | ||
| 999 |
_c15680 _d66159 |
||